[Event "OLNO 2324 Mattnetz Berlin - SC Weisse Da"]
[Site "?"]
[Date "2024.03.17"]
[Round "7.2"]
[White "Tscheuschner, Georg"]
[Black "Moeller, Hendrik"]
[Result "1-0"]
[WhiteElo "2250"]
[BlackElo "2246"]
[PlyCount "113"]
[EventDate "2024.??.??"]

1. Nf3 c5 2. c4 Nf6 3. Nc3 e6 4. e3 d5 5. cxd5 exd5 6. d4 c4 7. Bd2 Nc6 8. b3 cxb3 9. Qxb3 Be7 10. Be2 O-O 11. O-O Na5 12. Qc2 Bd7 13. Ne5 Rc8 14. Rab1 Ne4 15. Nxd7 Qxd7 16. Qb2 Nxd2 17. Qxd2 Nc4 18. Qd3 Rfd8 19. Bf3 Nb6 20. a4 Qc6 21. a5 Nc4 22. Nxd5 Rxd5 23. Rfc1 Bf8 24. Rxc4 Qxc4 25. Qxc4 Rxc4 26. Bxd5 Rc7 27. Bxb7 Ba3 28. g4 Rc1+ 29. Rxc1 Bxc1 30. a6 h6 31. Kg2 Kf8 32. h4 Ke7 33. h5 Kd6 34. Kf3 Bd2 35. Ke2 Bc1 36. f4 Ke6 37. Bc8+ Kd6 38. Kf3 Bb2 39. g5 Bc3 40. Ke4 Bd2 41. Bb7 Ke7 42. gxh6 gxh6 43. Bc8 Bc1 44. Kf3 Bb2 45. Kg4 Bc1 46. e4 Kd8 47. Bb7 Be3 48. d5 Ke7 49. Kf5 Bg1 50. e5 Bh2 51. Bc6 Bg3 52. Ke4 Bh2 53. d6+ Kd8 54. Bd5 Ke8 55. d7+ Ke7 56. Bxf7 Kxd7 57. f5 1-0

[Event "OLNO 2324 Mattnetz Berlin - SC Weisse Da"]
[Site "?"]
[Date "2024.03.17"]
[Round "7.4"]
[White "Petersen, Marcel"]
[Black "Zhou, Lepu Coco"]
[Result "1-0"]
[WhiteElo "2133"]
[BlackElo "1980"]
[PlyCount "117"]
[EventDate "2024.??.??"]

1. e4 c5 2. Nf3 e6 3. g3 Nc6 4. Bg2 Nge7 5. O-O d5 6. exd5 Nxd5 7. d4 cxd4 8. Nxd4 Bc5 9. Nxc6 bxc6 10. c4 Ne7 11. Qxd8+ Kxd8 12. Rd1+ Ke8 13. Bf4 Ba6 14. Nc3 Bb6 15. b3 f6 16. Bd6 Rc8 17. Bh3 Nf5 18. c5 Ba5 19. Ne4 Be2 20. Rdc1 Nd4 21. Bf4 Bc7 22. Nd6+ Bxd6 23. cxd6 Bf3 24. Kf1 Rd8 25. Be3 Rxd6 26. Bxd4 Rxd4 27. Bxe6 Ke7 28. Re1 Kd6 29. Bc4 Rd8 30. Re3 Bd5 31. Bxd5 cxd5 32. Rc1 Rd2 33. Re2 Rxe2 34. Kxe2 Rd7 35. Kd3 Re7 36. Rc8 g6 37. Rf8 f5 38. f4 Kc5 39. Rg8 Kc6 40. a4 Re1 41. Rc8+ Kd6 42. Rh8 Re7 43. Rb8 Kc7 44. Rb5 Kc6 45. Ra5 Rb7 46. Kc3 Re7 47. Ra6+ Kb7 48. Rd6 Re3+ 49. Kb4 Kc7 50. Rxd5 Re2 51. h4 Re3 52. Rc5+ Kd6 53. Rc3 Re4+ 54. Kb5 Re7 55. Rd3+ Kc7 56. Ka6 Kc6 57. b4 Re4 58. Rb3 Re7 59. a5 1-0

[Event "OLNO 2324 Mattnetz Berlin - SC Weisse Da"]
[Site "?"]
[Date "2024.03.17"]
[Round "7.5"]
[White "Uhl, Heinz"]
[Black "Fartmann, Oliver"]
[Result "1/2-1/2"]
[WhiteElo "2116"]
[BlackElo "2084"]
[PlyCount "61"]
[EventDate "2024.??.??"]

1. c4 Nf6 2. Nc3 g6 3. g3 Bg7 4. Bg2 O-O 5. Nf3 c5 6. d4 d6 7. dxc5 dxc5 8. Be3 Nc6 9. Qxd8 Rxd8 10. Bxc5 Be6 11. Nd2 Rac8 12. Rc1 Bh6 13. f4 b6 14. Bxc6 bxc5 15. Bf3 g5 16. e3 Rd3 17. Ke2 Rcd8 18. Nd5 Nxd5 19. Kxd3 Nxf4+ 20. Kc2 Nd3 21. Rcd1 Nf2 22. Ne4 Nxd1 23. Rxd1 Rxd1 24. Bxd1 Bf5 25. Kd3 g4 26. Bc2 Bg7 27. b3 e6 28. Kd2 Bxe4 29. Bxe4 f5 30. Bb7 Be5 31. Ke2 1/2-1/2

[Event "OLNO 2324 Mattnetz Berlin - SC Weisse Da"]
[Site "?"]
[Date "2024.03.17"]
[Round "7.6"]
[White "Pererva, Viktor"]
[Black "Mahn, Franko"]
[Result "1-0"]
[WhiteElo "2028"]
[BlackElo "2159"]
[PlyCount "119"]
[EventDate "2024.??.??"]

1. c4 e5 2. g3 Nf6 3. Bg2 d5 4. cxd5 Nxd5 5. Nf3 Nc6 6. O-O Be7 7. Nc3 Nb6 8. a3 O-O 9. d3 Be6 10. Be3 f6 11. Rc1 Qd7 12. Re1 Nd4 13. Ne4 a5 14. Bxd4 exd4 15. Qc2 Na4 16. Qxc7 Nxb2 17. Qxd7 Bxd7 18. Rc7 Rfd8 19. Rxb7 Bxa3 20. Ra1 Bb4 21. Nxd4 Rab8 22. Rxb8 Rxb8 23. Rb1 Rc8 24. Nxf6+ gxf6 25. Bd5+ Kh8 26. Rxb2 Bh3 27. Rc2 Rc3 28. Rxc3 Bxc3 29. Nc2 Bd7 30. f4 Ba4 31. Na3 Bb4 32. Nb1 Bc2 33. Ba2 a4 34. Kf2 Kg7 35. Ke3 Bc5+ 36. d4 Bb4 37. d5 Bc5+ 38. Kd2 Bxb1 39. Bxb1 Bg1 40. d6 Kf8 41. h3 h6 42. g4 Bc5 43. d7 Ke7 44. Bf5 a3 45. Kc2 Be3 46. Kb3 Bc5 47. h4 Kd8 48. g5 fxg5 49. fxg5 hxg5 50. hxg5 Be7 51. g6 Bf8 52. e4 Kc7 53. e5 Kd8 54. e6 Ke7 55. Kxa3 Bg7 56. Kb4 Bb2 57. Kc5 Kd8 58. Kc6 Bc3 59. Kb7 Ke7 60. Kc8 1-0

[Event "OLNO 2324 Mattnetz Berlin - SC Weisse Da"]
[Site "?"]
[Date "2024.03.17"]
[Round "7.7"]
[White "Kaiser, Martin"]
[Black "Pixa, Richard"]
[Result "1-0"]
[WhiteElo "2146"]
[BlackElo "2049"]
[PlyCount "111"]
[EventDate "2024.??.??"]

1. e4 e6 2. d4 d5 3. Nc3 Nf6 4. e5 Nfd7 5. f4 c5 6. Nf3 Nc6 7. Be3 cxd4 8. Nxd4 Bc5 9. Qd2 O-O 10. O-O-O a6 11. h4 Bxd4 12. Bxd4 b5 13. h5 b4 14. Na4 Qa5 15. b3 Nxd4 16. Qxd4 Bb7 17. Kb1 Bc6 18. Nb2 Qc5 19. Qd2 a5 20. h6 g6 21. Nd3 Qd4 22. g3 Bb5 23. Nf2 Qxd2 24. Rxd2 Bxf1 25. Rxf1 Nc5 26. Rd4 Rac8 27. Rc1 Nd7 28. c3 bxc3 29. Nd1 f6 30. exf6 Nxf6 31. Rxc3 Ne4 32. Rxc8 Rxc8 33. Ra4 Rc5 34. b4 axb4 35. Ra8+ Kf7 36. Ra7+ Kf6 37. Rxh7 Rc8 38. Ne3 Nxg3 39. Rd7 g5 40. fxg5+ Kxg5 41. Rg7+ Kxh6 42. Rxg3 Kh5 43. Nc2 Rc4 44. Re3 d4 45. Re4 Rc3 46. Nxd4 Kg5 47. Nxe6+ Kf5 48. Re2 Kf6 49. Nd4 Rd3 50. Nb3 Kf5 51. Kb2 Rd8 52. Rd2 Rh8 53. Nd4+ Ke4 54. Nc2 Rb8 55. Kb3 Ke5 56. Nxb4 1-0

[Event "OLNO 2324 Mattnetz Berlin - SC Weisse Da"]
[Site "?"]
[Date "2024.03.17"]
[Round "7.8"]
[White "Alten, Silvio"]
[Black "Tham, Nam"]
[Result "1/2-1/2"]
[WhiteElo "1953"]
[BlackElo "1975"]
[PlyCount "118"]
[EventDate "2024.??.??"]

1. e4 e5 2. Nf3 Nc6 3. Bb5 a6 4. Ba4 b5 5. Bb3 Bc5 6. O-O Ba7 7. c3 h6 8. d4 Qf6 9. dxe5 Nxe5 10. Nxe5 Qxe5 11. Qd5 Qxd5 12. Bxd5 Rb8 13. Bf4 Bb6 14. Nd2 Nf6 15. Bb3 Bb7 16. Rae1 O-O 17. Be3 Bxe3 18. Rxe3 Rbe8 19. Rfe1 Re7 20. f3 Rfe8 21. Kf2 Kf8 22. h3 g5 23. Nf1 Nh5 24. g3 Re5 25. Rd3 d5 26. Bxd5 Bxd5 27. Rxd5 Rxd5 28. exd5 Rxe1 29. Kxe1 Ke7 30. Kf2 Kd6 31. Ne3 f6 32. Nf5+ Kxd5 33. b3 c5 34. Nxh6 b4 35. cxb4 cxb4 36. Nf5 Ke5 37. Ne7 Kd4 38. Nc6+ Kc3 39. Nb8 a5 40. Nc6 Kb2 41. Nxa5 Kxa2 42. h4 gxh4 43. gxh4 Kb2 44. Ke3 Kc3 45. Ke4 Ng7 46. Kf4 Kd4 47. Kg4 Ke3 48. h5 f5+ 49. Kg5 Nxh5 50. Kxh5 Kxf3 51. Nc6 f4 52. Nxb4 Ke2 53. Nc2 f3 54. Nd4+ Ke3 55. Nxf3 Kxf3 56. b4 Ke4 57. b5 Kd5 58. b6 Kc6 59. b7 Kxb7 1/2-1/2

[Event "OLNO 2324 SK König Tegel - Forster SC 9"]
[Site "?"]
[Date "2024.03.17"]
[Round "7.1"]
[White "Aliavdin, Nikolai"]
[Black "Bruedigam, Martin"]
[Result "1/2-1/2"]
[WhiteElo "2322"]
[BlackElo "2373"]
[PlyCount "84"]
[EventDate "2024.??.??"]

1. e4 c6 2. d4 d5 3. Nc3 dxe4 4. Nxe4 Bf5 5. Ng3 Bg6 6. h4 h6 7. Nf3 Nd7 8. Bd3 Bxd3 9. Qxd3 e6 10. Bd2 Ngf6 11. O-O-O Qc7 12. Ne4 Nxe4 13. Qxe4 Nf6 14. Qe2 O-O-O 15. Kb1 Bd6 16. c4 Rhe8 17. g3 c5 18. dxc5 Qxc5 19. Be3 Qf5+ 20. Ka1 Bc5 21. Bxc5 Qxc5 22. Ne5 Qc7 23. g4 Rxd1+ 24. Rxd1 Rd8 25. Rxd8+ Kxd8 26. a3 Ke7 27. Qe3 a6 28. Qf4 Ke8 29. Qd4 Ke7 30. f4 Ne8 31. g5 Nd6 32. h5 Nf5 33. Qe4 f6 34. gxf6+ gxf6 35. Ng6+ Kf7 36. Nh4 Ng7 37. Qg6+ Kg8 38. Qxf6 Qxc4 39. Qd8+ Kh7 40. Ng6 Qc1+ 41. Ka2 Qc4+ 42. Ka1 Qc1+ 1/2-1/2

[Event "OLNO 2324 SK König Tegel - Forster SC 9"]
[Site "?"]
[Date "2024.03.17"]
[Round "7.2"]
[White "Rietze, Clemens"]
[Black "Kleeschaetzky, Rainer"]
[Result "1-0"]
[WhiteElo "2361"]
[BlackElo "2225"]
[PlyCount "39"]
[EventDate "2024.??.??"]

1. d4 d5 2. c4 c6 3. Nf3 Nf6 4. Nc3 e6 5. e3 Nbd7 6. Bd3 dxc4 7. Bxc4 b5 8. Bd3 Bb7 9. e4 b4 10. Na4 c5 11. e5 Nd5 12. O-O cxd4 13. Nxd4 g6 14. Qg4 Bg7 15. Bg5 Nxe5 16. Nxe6 fxe6 17. Qxe6+ Ne7 18. Bb5+ Bc6 19. Rad1 Qc7 20. Bxe7 1-0

[Event "OLNO 2324 SK König Tegel - Forster SC 9"]
[Site "?"]
[Date "2024.03.17"]
[Round "7.3"]
[White "Jagodzinski, Piotr"]
[Black "Rabiega, Robert"]
[Result "0-1"]
[WhiteElo "2175"]
[BlackElo "2464"]
[PlyCount "86"]
[EventDate "2024.??.??"]

1. Nf3 Nf6 2. b3 c5 3. Bb2 Nc6 4. e3 g6 5. Bxf6 exf6 6. d4 d5 7. Be2 cxd4 8. Nxd4 Bg7 9. O-O O-O 10. c3 f5 11. g3 Qe7 12. Bf3 Rd8 13. Nd2 Ne5 14. Bg2 b6 15. b4 Bb7 16. Qb3 Rac8 17. a4 a6 18. a5 b5 19. Rad1 h5 20. N2f3 Nc4 21. Rd3 Nd6 22. Ne2 Ne4 23. Rfd1 Rc7 24. Nfd4 Rdc8 25. Qb2 h4 26. f3 Nd6 27. f4 Bf6 28. gxh4 Bxh4 29. Ng3 Bf6 30. Nge2 Kg7 31. Bf3 Kg8 32. Re1 Bg7 33. Kg2 Ne4 34. Rc1 Re8 35. Ng3 Rec8 36. Nge2 Qh4 37. Bxe4 dxe4 38. Rd2 Qg4+ 39. Kh1 Bxd4 40. Nxd4 Rxc3 41. Rg1 Qh3 42. Rdg2 Qxe3 43. Nxf5 Qxg1+ 0-1

[Event "OLNO 2324 SK König Tegel - Forster SC 9"]
[Site "?"]
[Date "2024.03.17"]
[Round "7.4"]
[White "Richter, Michael"]
[Black "Bielinski, Dariusz"]
[Result "1/2-1/2"]
[WhiteElo "2434"]
[BlackElo "2132"]
[PlyCount "43"]
[EventDate "2024.??.??"]

1. d4 d6 2. Nf3 g6 3. c4 Bg7 4. Nc3 e5 5. e3 Nc6 6. Be2 exd4 7. exd4 Bg4 8. O-O Nge7 9. d5 Bxf3 10. Bxf3 Ne5 11. Be2 O-O 12. Kh1 a6 13. f4 Nd7 14. Bd3 Nc5 15. Bc2 Bxc3 16. bxc3 f5 17. Qd4 Qd7 18. Ba3 b6 19. Rae1 Rae8 20. Re3 Nc8 21. Rfe1 Rxe3 22. Qxe3 1/2-1/2

[Event "OLNO 2324 SK König Tegel - Forster SC 9"]
[Site "?"]
[Date "2024.03.17"]
[Round "7.5"]
[White "Pryvalov, Ivan"]
[Black "Von Herman, Ulf"]
[Result "1/2-1/2"]
[WhiteElo "2067"]
[BlackElo "2307"]
[PlyCount "100"]
[EventDate "2024.??.??"]

1. Nf3 c5 2. g3 g6 3. Bg2 Bg7 4. c4 Nc6 5. Nc3 d6 6. b3 Qd7 7. h4 h6 8. Bb2 b6 9. Na4 e5 10. O-O f5 11. e3 Nf6 12. d4 e4 13. d5 Nb4 14. Ne1 g5 15. a3 Na6 16. f3 exf3 17. Bxf3 Qe7 18. Qc1 g4 19. Bh1 Nh5 20. Kf2 Be5 21. Bxe5 Qxe5 22. Rg1 Bd7 23. Qc3 Bxa4 24. Qxe5+ dxe5 25. bxa4 e4 26. Bg2 Nc7 27. Rb1 Kd7 28. Bf1 Ne8 29. Be2 Nd6 30. Ng2 Rhb8 31. Rb2 Ke7 32. Rgb1 Nf6 33. Nf4 Nd7 34. Ne6 Rc8 35. Nf4 Ne5 36. Rc2 Rab8 37. Rb3 Kf7 38. Ne6 Rb7 39. Nf4 Re8 40. Ne6 Rc8 41. Nf4 Re8 42. Ne6 Rc8 43. Rb1 Re8 44. Ke1 Rd7 45. Nf4 Rb7 46. Kf2 Rc8 47. Rb3 Ng6 48. Ne6 Nf8 49. Nf4 Ng6 50. Ne6 Nf8 1/2-1/2

[Event "OLNO 2324 SK König Tegel - Forster SC 9"]
[Site "?"]
[Date "2024.03.17"]
[Round "7.6"]
[White "Breier, Andreas"]
[Black "Stahr, Ralf-Peter"]
[Result "1/2-1/2"]
[WhiteElo "2338"]
[BlackElo "2048"]
[PlyCount "176"]
[EventDate "2024.??.??"]

1. d4 Nf6 2. Nf3 d5 3. c4 e6 4. Nc3 Nbd7 5. cxd5 exd5 6. Bg5 Be7 7. e3 c6 8. Bd3 h6 9. Bh4 Nh5 10. Ne5 Nxe5 11. dxe5 Bxh4 12. Qxh5 g6 13. Qe2 b5 14. O-O O-O 15. Rac1 Kg7 16. Nb1 Bd7 17. Nd2 Qb6 18. Nb3 Be7 19. Qc2 Rae8 20. e6 fxe6 21. Bxg6 Rd8 22. Bh5 Rf6 23. Nc5 Bxc5 24. Qxc5 Qxc5 25. Rxc5 Kf8 26. f4 Ke7 27. e4 dxe4 28. Re5 Rf5 29. Bg6 Rxe5 30. fxe5 Be8 31. Bxe4 Rd4 32. Bf3 c5 33. Rc1 c4 34. b3 Bg6 35. bxc4 bxc4 36. Kf2 Rd2+ 37. Ke3 Rd3+ 38. Kf2 c3 39. Be2 Rd2 40. Ke3 Rd5 41. Rxc3 Rxe5+ 42. Kf2 Ra5 43. a3 Kf6 44. h4 Ra4 45. g3 Ra5 46. Bg4 Bf5 47. Bf3 Ra4 48. Ke3 Bg4 49. Bc6 Ra5 50. a4 Bd1 51. Kd2 Bh5 52. Rc4 Re5 53. g4 Bg6 54. Rf4+ Ke7 55. Rd4 Rc5 56. Bb5 Rc2+ 57. Ke3 Rc3+ 58. Kf4 Rc7 59. a5 Rc5 60. Rd7+ Kf6 61. Rb7 a6 62. Bxa6 Rxa5 63. Bb5 e5+ 64. Ke3 Ra3+ 65. Kd2 Ra2+ 66. Kc3 Rc2+ 67. Kb3 Rg2 68. Rb6+ Kg7 69. Bd7 Be4 70. h5 Bd5+ 71. Kc3 Rg3+ 72. Kd2 Bf3 73. Rg6+ Kf7 74. Be6+ Ke7 75. Bf5 Kf7 76. Rxh6 Bxg4 77. Rg6 Rg2+ 78. Kc3 Bf3 79. Be6+ Ke7 80. Rxg2 Bxg2 81. Bf5 Kf8 82. h6 Bd5 83. Kd3 Kg8 84. Bg6 Kh8 85. Ke3 Bg8 86. Ke4 Bh7 87. Bxh7 Kxh7 88. Kxe5 Kxh6 1/2-1/2

[Event "OLNO 2324 SK König Tegel - Forster SC 9"]
[Site "?"]
[Date "2024.03.17"]
[Round "7.8"]
[White "Jahnz, Laurin"]
[Black "Goldschmidt, Juergen"]
[Result "1-0"]
[WhiteElo "2051"]
[BlackElo "1892"]
[PlyCount "113"]
[EventDate "2024.??.??"]

1. e4 c6 2. Nc3 d5 3. Nf3 Bg4 4. h3 Bh5 5. exd5 cxd5 6. g4 Bg6 7. Ne5 Nc6 8. d4 a6 9. h4 Nxe5 10. dxe5 d4 11. Nb5 d3 12. cxd3 axb5 13. h5 Qd5 14. Rh3 Bxh5 15. gxh5 e6 16. d4 Bb4+ 17. Bd2 Bxd2+ 18. Qxd2 Ne7 19. Qb4 Nc6 20. Qxb5 O-O 21. Qxd5 exd5 22. Kd2 f6 23. Bg2 fxe5 24. Bxd5+ Kh8 25. Bxc6 bxc6 26. dxe5 Rxf2+ 27. Kc3 Re2 28. Kd4 Rxb2 29. Re3 Kg8 30. e6 Kf8 31. Rf1+ Ke7 32. Rf7+ Ke8 33. Rxg7 Rd8+ 34. Kc4 Rc2+ 35. Kb3 Rc5 36. a4 Rdd5 37. e7 Rg5 38. Rxh7 Rxh5 39. Rxh5 Rxh5 40. Kb4 Rh4+ 41. Kb3 Rh5 42. Re4 Rd5 43. Kb4 Rf5 44. a5 Rb5+ 45. Ka4 Rb7 46. Re3 c5 47. a6 Rb4+ 48. Ka5 Rb2 49. Ra3 Rb8 50. a7 Ra8 51. Kb6 Kxe7 52. Kb7 Rxa7+ 53. Kxa7 Kd6 54. Kb6 c4 55. Kb5 Kd5 56. Kb4 Kd4 57. Rc3 1-0

[Event "OLNO 2324 SG Güstrow-Teterow - SC Empor"]
[Site "?"]
[Date "2024.03.17"]
[Round "7.1"]
[White "Tschernatsch, Johannes"]
[Black "Von Alvensleben, Wolfram"]
[Result "1-0"]
[WhiteElo "2322"]
[BlackElo "2241"]
[PlyCount "79"]
[EventDate "2024.??.??"]

1. e4 c6 2. d4 d5 3. e5 Bf5 4. Nd2 e6 5. Nb3 Nd7 6. Nf3 Ne7 7. Be2 Bg6 8. O-O Rc8 9. Bd2 Nf5 10. a4 Be7 11. g4 Nh4 12. Nxh4 Bxh4 13. f4 Be4 14. Be3 h6 15. Bd3 Bxd3 16. Qxd3 O-O 17. Kh1 b6 18. Nd2 c5 19. c3 cxd4 20. cxd4 Nb8 21. Nf3 Be7 22. f5 Nc6 23. f6 gxf6 24. Bxh6 fxe5 25. Nxe5 Nxe5 26. dxe5 Bg5 27. Bxf8 Qxf8 28. a5 Qb4 29. axb6 Qxb6 30. Qf3 Rc7 31. h4 Bh6 32. g5 Bg7 33. Rac1 Bxe5 34. Rxc7 Qxc7 35. g6 f5 36. Re1 Bf6 37. Rxe6 Qc1+ 38. Kg2 Qxb2+ 39. Re2 Qb5 40. h5 1-0

[Event "OLNO 2324 SG Güstrow-Teterow - SC Empor"]
[Site "?"]
[Date "2024.03.17"]
[Round "7.2"]
[White "Luther, Alexander"]
[Black "Penzold, Andreas"]
[Result "0-1"]
[WhiteElo "2064"]
[BlackElo "2351"]
[PlyCount "64"]
[EventDate "2024.??.??"]

1. d4 Nf6 2. c4 e6 3. Nc3 c5 4. d5 exd5 5. cxd5 Bd6 6. Bg5 O-O 7. e3 Re8 8. Bd3 Bf8 9. Qf3 d6 10. Bxf6 Qxf6 11. Qxf6 gxf6 12. Ne4 Kg7 13. Ng3 Nd7 14. N1e2 Ne5 15. Bb5 Re7 16. Nh5+ Kh8 17. Nxf6 a6 18. Ba4 Nd3+ 19. Kd2 Nxf2 20. Rhf1 Ng4 21. Nxg4 Bxg4 22. Rae1 b5 23. Bc2 Rae8 24. e4 Bh6+ 25. Kc3 b4+ 26. Kb3 Bd2 27. Ra1 Bxe2 28. Rf2 Rxe4 29. Bxe4 Rxe4 30. Kc2 Bg5 31. Re1 Bd3+ 32. Kd1 Rc4 0-1

[Event "OLNO 2324 SG Güstrow-Teterow - SC Empor"]
[Site "?"]
[Date "2024.03.17"]
[Round "7.3"]
[White "Schoene, Ralf"]
[Black "Kiel, Bernd"]
[Result "1-0"]
[WhiteElo "2239"]
[BlackElo "1994"]
[PlyCount "81"]
[EventDate "2024.??.??"]

1. d4 Nf6 2. c4 g6 3. g3 c6 4. Bg2 d5 5. Nf3 dxc4 6. O-O Bg7 7. Ne5 Be6 8. Na3 c3 9. bxc3 O-O 10. e4 Nbd7 11. f4 Qa5 12. Qc2 Nxe5 13. fxe5 Nd7 14. Rb1 Nb6 15. c4 Qa6 16. c5 Nc4 17. Rf3 b5 18. Nxc4 Bxc4 19. a3 Rad8 20. Bb2 Rd7 21. Bf1 Be6 22. Bc3 Qxa3 23. Ra1 Qb3 24. Qxb3 Bxb3 25. Ra6 Rc8 26. Bb2 Bc2 27. e6 fxe6 28. Bh3 Rcc7 29. Bxe6+ Kh8 30. Bxd7 Rxd7 31. Rxc6 Bxd4+ 32. Bxd4+ Rxd4 33. Rf7 Rd8 34. Rxe7 a5 35. Rb6 b4 36. c6 Bxe4 37. Rxe4 Rc8 38. Re7 b3 39. Rxb3 a4 40. Rb4 a3 41. Ra4 1-0

[Event "OLNO 2324 SG Güstrow-Teterow - SC Empor"]
[Site "?"]
[Date "2024.03.17"]
[Round "7.4"]
[White "Scharf, Christian"]
[Black "Trenner, Rolf"]
[Result "0-1"]
[WhiteElo "1789"]
[BlackElo "2132"]
[PlyCount "84"]
[EventDate "2024.??.??"]

1. e4 e5 2. Nf3 Nc6 3. Bb5 a6 4. Ba4 Nf6 5. O-O Nxe4 6. d4 b5 7. Bb3 d5 8. dxe5 Be6 9. Qe2 Na5 10. Nd4 c5 11. Nxe6 fxe6 12. c4 Nxc4 13. Bxc4 bxc4 14. Qg4 Be7 15. Qxg7 Kd7 16. Rd1 Qf8 17. Qxf8 Rhxf8 18. f3 Ng5 19. f4 Ne4 20. Nc3 Nxc3 21. bxc3 Rab8 22. g4 Kc6 23. Kg2 Bd8 24. Rf1 Ba5 25. Rf3 d4 26. cxd4 cxd4 27. Ba3 Bb4 28. Bxb4 Rxb4 29. f5 Kd5 30. fxe6 Rb2+ 31. Kg3 Rxf3+ 32. Kxf3 Kxe6 33. Ke4 d3 34. Rf1 d2 35. Rf6+ Ke7 36. Rd6 Rc2 37. h4 c3 38. Kf5 Rc1 39. Re6+ Kf7 40. Rf6+ Kg7 41. h5 Rf1+ 42. Ke6 d1=Q 0-1

[Event "OLNO 2324 SG Güstrow-Teterow - SC Empor"]
[Site "?"]
[Date "2024.03.17"]
[Round "7.5"]
[White "Jaeger, Uwe"]
[Black "Gebert-Vangeel, Ralf"]
[Result "1-0"]
[WhiteElo "2213"]
[BlackElo "1984"]
[PlyCount "81"]
[EventDate "2024.??.??"]

1. e4 e5 2. Nf3 Nc6 3. c3 d6 4. d4 Bd7 5. Bc4 h6 6. O-O Nf6 7. Qb3 Qe7 8. Qxb7 Rb8 9. Qa6 Qd8 10. Re1 Rb6 11. Qa4 Nxd4 12. Qd1 Nxf3+ 13. Qxf3 Be7 14. Be3 Rb7 15. b4 c6 16. Nd2 O-O 17. h3 Qc7 18. a3 Rbb8 19. Nf1 Rbd8 20. Ng3 Be6 21. Bd3 d5 22. Nf5 dxe4 23. Nxe7+ Qxe7 24. Bxe4 Nxe4 25. Qxe4 Bd5 26. Qf5 Qc7 27. Bc5 Rfe8 28. Re3 Re6 29. Rae1 Rde8 30. Rg3 g6 31. Qd3 Rf6 32. c4 Be6 33. Bd6 Qd7 34. Rxe5 Bf5 35. Rxe8+ Qxe8 36. Qd4 Qe1+ 37. Kh2 Re6 38. Bf4 Re4 39. Qd8+ Re8 40. Qh4 Qxf2 41. Rxg6+ 1-0

[Event "OLNO 2324 SG Güstrow-Teterow - SC Empor"]
[Site "?"]
[Date "2024.03.17"]
[Round "7.6"]
[White "Dettmann, Gerd"]
[Black "Bachmann, Volker"]
[Result "1-0"]
[WhiteElo "2096"]
[BlackElo "2073"]
[PlyCount "63"]
[EventDate "2024.??.??"]

1. e4 e6 2. d4 d5 3. Nc3 Bb4 4. Nge2 dxe4 5. a3 Bxc3+ 6. Nxc3 f5 7. f3 exf3 8. Qxf3 Nf6 9. Bf4 O-O 10. O-O-O Nd5 11. Nxd5 exd5 12. Qg3 Rf7 13. Be2 Be6 14. Bh5 g6 15. Rhe1 Qd7 16. Be5 f4 17. Bxf4 Nc6 18. Bf3 Bf5 19. h4 Rd8 20. Bg5 Rc8 21. h5 Nd8 22. hxg6 Bxg6 23. Bg4 Qc6 24. Rd2 Rb8 25. Bxd8 Rxd8 26. Be6 Rdf8 27. Qe5 Be4 28. Rf1 Qc4 29. Rxf7 Rxf7 30. Rf2 Bxc2 31. Bxf7+ Kf8 32. Bxd5+ 1-0

[Event "OLNO 2324 SG Güstrow-Teterow - SC Empor"]
[Site "?"]
[Date "2024.03.17"]
[Round "7.7"]
[White "Piersig, Hans-Juergen"]
[Black "Waschk, Armin"]
[Result "0-1"]
[WhiteElo "2093"]
[BlackElo "2085"]
[PlyCount "56"]
[EventDate "2024.??.??"]

1. e4 c5 2. Nf3 d6 3. d4 cxd4 4. Nxd4 Nf6 5. Nc3 a6 6. Bg5 Nbd7 7. f4 Qc7 8. Qf3 b5 9. O-O-O Bb7 10. Bd3 g6 11. Nb3 Bg7 12. Rhe1 O-O 13. g4 b4 14. Nd5 Nxd5 15. exd5 Nf6 16. Bxf6 Bxf6 17. g5 Bg7 18. f5 Be5 19. Nd2 Qa5 20. Bc4 Rac8 21. Bb3 Qb5 22. Qe4 a5 23. Bc4 gxf5 24. Qxf5 Rxc4 25. Nxc4 Qxc4 26. Re4 Qxa2 27. Rh4 Bxb2+ 28. Kd2 Qxd5+ 0-1

[Event "OLNO 2324 SG Güstrow-Teterow - SC Empor"]
[Site "?"]
[Date "2024.03.17"]
[Round "7.8"]
[White "Lippitz, Jaden"]
[Black "Puhlmann, Rainer"]
[Result "1/2-1/2"]
[WhiteElo "1766"]
[BlackElo "2076"]
[PlyCount "70"]
[EventDate "2024.??.??"]

1. e4 e6 2. d4 d5 3. exd5 exd5 4. Bd3 Bd6 5. Ne2 Nf6 6. Bf4 Bg4 7. Bxd6 Qxd6 8. c3 Nbd7 9. Nd2 O-O 10. h3 Bh5 11. O-O Bg6 12. Bxg6 hxg6 13. Re1 Rfe8 14. Ng3 Rxe1+ 15. Qxe1 Re8 16. Qf1 Nf8 17. Re1 Rxe1 18. Qxe1 Qe6 19. Qxe6 Nxe6 20. Ne2 Kf8 21. Kf1 Ke7 22. Ke1 Nh5 23. g3 Nf6 24. f3 Nd7 25. Kf2 g5 26. b4 Nb6 27. Ke3 Kd6 28. f4 gxf4+ 29. Nxf4 Na4 30. Nxe6 Kxe6 31. Kd3 Kf5 32. Nf1 Nb2+ 33. Kc2 Nc4 34. Kd3 Nb2+ 35. Kc2 Nc4 1/2-1/2

[Event "OLNO 2324 SC Kreuzberg - SC Empor Potsda"]
[Site "?"]
[Date "2024.04.14"]
[Round "8.1"]
[White "Tschernatsch, Johannes"]
[Black "Glantz, Robert"]
[Result "1/2-1/2"]
[WhiteElo "2332"]
[BlackElo "2385"]
[PlyCount "146"]
[EventDate "2024.??.??"]

1. e4 c5 2. Nf3 e6 3. g3 Nc6 4. Bg2 Nf6 5. Qe2 e5 6. O-O Be7 7. c3 O-O 8. Na3 Re8 9. d3 h6 10. Nc4 Bf8 11. a4 d6 12. Re1 Be6 13. Bd2 Rb8 14. Qf1 g6 15. Rab1 a6 16. b4 b5 17. axb5 axb5 18. Na3 cxb4 19. cxb4 d5 20. Bc3 d4 21. Bd2 Ra8 22. Rec1 Rxa3 23. Rxc6 Nd7 24. Ne1 Nb6 25. f4 Bd7 26. Rc2 f6 27. Nf3 g5 28. fxe5 fxe5 29. Qc1 Rxd3 30. Ne1 Rxd2 31. Rxd2 Nc4 32. Rf2 Qb6 33. Bf3 g4 34. Be2 Rc8 35. Ng2 Nd6 36. Qe1 Be7 37. Bd1 Bg5 38. Bb3+ Nc4 39. Qf1 Be6 40. Kh1 Qd6 41. Nh4 d3 42. Nf5 Qc6 43. Qxd3 Rd8 44. Qc2 Bxf5 45. Bxc4+ bxc4 46. Rxf5 Rd2 47. b5 Qxb5 48. Rxb5 Rxc2 49. Rbxe5 c3 50. Rc5 Be3 51. Rc8+ Kg7 52. Rc7+ Kg6 53. Rc6+ Kg7 54. Rf1 Bd4 55. Rc7+ Kg6 56. Rc6+ Kg7 57. Rc7+ Kg6 58. Rb1 Rb2 59. Rxb2 cxb2 60. Rb7 Kf6 61. Rb5 Ke6 62. Kg2 Kd6 63. Kf1 Kc6 64. Rb3 Kc5 65. Ke2 Kc4 66. Rb7 Kc3 67. Kd1 Bc5 68. e5 Bb4 69. Rxb4 Kxb4 70. Kc2 Kc5 71. Kxb2 Kd5 72. Kc3 Kxe5 73. Kd3 Kd5 1/2-1/2

[Event "OLNO 2324 SC Kreuzberg - SC Empor Potsda"]
[Site "?"]
[Date "2024.04.14"]
[Round "8.2"]
[White "Matthes, Aaron"]
[Black "Penzold, Andreas"]
[Result "0-1"]
[WhiteElo "2203"]
[BlackElo "2353"]
[PlyCount "82"]
[EventDate "2024.??.??"]

1. e4 Nf6 2. Nc3 d5 3. e5 Nfd7 4. d4 c5 5. e6 fxe6 6. Bd3 g6 7. Nf3 Nc6 8. dxc5 Bg7 9. Ng5 Nf6 10. O-O e5 11. Bb5 O-O 12. Re1 h6 13. Nf3 e4 14. Bxc6 bxc6 15. Ne5 Qc7 16. f4 exf3 17. Nxf3 Bg4 18. Qd3 Bf5 19. Qe2 Ne4 20. Nxe4 Bxe4 21. c3 Rf7 22. Be3 e5 23. Rf1 Rb8 24. Rac1 Qd7 25. h3 d4 26. cxd4 exd4 27. Bd2 Bxf3 28. Rxf3 Rxf3 29. Qxf3 Rxb2 30. Bf4 Qf7 31. Rf1 g5 32. Bd6 Qxf3 33. Rxf3 Rxa2 34. Rb3 a5 35. Kf1 a4 36. Rb8+ Kh7 37. Rb7 Kg6 38. g4 d3 39. Rd7 Ra1+ 40. Kf2 d2 41. Be5 Bxe5 0-1

[Event "OLNO 2324 SC Kreuzberg - SC Empor Potsda"]
[Site "?"]
[Date "2024.04.14"]
[Round "8.3"]
[White "Trenner, Rolf"]
[Black "Groetzbach, Julian"]
[Result "0-1"]
[WhiteElo "2134"]
[BlackElo "2268"]
[PlyCount "60"]
[EventDate "2024.??.??"]

1. d4 d5 2. Nf3 Nf6 3. Bf4 c5 4. c3 Nc6 5. dxc5 e6 6. Bd6 Bxd6 7. cxd6 Qxd6 8. Nbd2 O-O 9. e3 e5 10. Be2 Bf5 11. O-O Rfd8 12. Rc1 h6 13. h3 a6 14. Qa4 g5 15. c4 d4 16. c5 Qf8 17. Bc4 d3 18. e4 Nxe4 19. Nxe4 Bxe4 20. Bxf7+ Qxf7 21. Qxe4 Rd5 22. Rfd1 Rad8 23. b4 Qh7 24. Qc4 Kf8 25. a3 Qf5 26. Rb1 e4 27. Nd2 Nd4 28. Rb2 Kg7 29. Nf1 Ne2+ 30. Kh2 Qe5+ 0-1